Coaches of the Brisbane Lions - Statistics

General Stats
  • This quiz has been taken 18 times
  • The average score is 5 of 8
Answer Stats
Years Name % Correct
2017- Chris Fagan
100%
1999-2008 Leigh Matthews
100%
2009-2013 Michael Voss
100%
2014-2016 Mark Leppitsch
82%
1997-1998 John Northey
27%
1998 Roger Merrett
27%
2013 Mark Harvey
18%
2005 John Blakey
9%
No matching quizzes found
Score Distribution
Percent of People with Each Score
Percentile by Number Answered
Your Score History
You have not taken this quiz